Statistics for Fill in the Blank: Countries

Click here to take the quiz!

General Stats

  • This quiz has been taken 62 times
  • The average score is 29 of 34

Answer Stats

Answer% Correct
El {Salvador}
100%
Saudi {Arabia}
98%
South {Africa}
98%
United Arab {Emirates}
98%
Papua New {Guinea}
96%
Central {African} Republic
95%
{Costa} Rica
95%
Sri {Lanka}
95%
{Burkina} Faso
93%
{Cape} Verde
93%
{South} Sudan
93%
{Trinidad} and Tobago
93%
United {States}
91%
{Ivory} Coast
89%
North {Macedonia}
89%
{Sierra} Leone
89%
East {Timor}
88%
United {Kingdom}
88%
{Vatican} City
88%
Guinea {Bissau}
86%
Saint {Lucia}
86%
Saint Kitts and {Nevis}
84%
Federated States of {Micronesia}
82%
{Solomon} Islands
82%
{Dominican} Republic
80%
Republic of the {Congo}
80%
Saint Vincent and the {Grenadines}
80%
Antigua and {Barbuda}
79%
{Equatorial} Guinea
77%
San {Marino}
75%
New {Zealand}
71%
{Czech} Republic
68%
{Democratic Republic of the} Congo
68%
Northern {Ireland}
48%

Score Distribution

Percentile by Number Answered

Percent of People with Each Score

Your Score History

You have not taken this quiz